[Event "Budapest FS02 Nadassy"]
[Site "Budapest"]
[Date "2024.02.05"]
[Round "3.6"]
[White "Gumanny, Evgeny"]
[Black "La Barbera, Manfredi"]
[Result "0-1"]
[WhiteElo "2130"]
[BlackElo "1955"]
[PlyCount "72"]
[EventDate "2024.02.03"]
[EventType "tourn"]
[EventRounds "12"]
[EventCountry "HUN"]
[SourceTitle "CB08_2024"]
[SourceDate "2024.02.21"]
[SourceVersion "1"]
[SourceVersionDate "2024.02.21"]
[SourceQuality "1"]
[WhiteTeam "Team Higher Elo"]
[BlackTeam "Team Lower Elo"]
[WhiteTeamCountry "HUN"]
[BlackTeamCountry "HUN"]

1. d4 Nf6 2. c4 e6 3. Nf3 d5 4. Nc3 Nbd7 5. Bg5 Bb4 6. cxd5 exd5 7. e3 c5 8. Bxf6 Nxf6 9. Bb5+ Bd7 10. Bxd7+ Qxd7 11. 0-0 Bxc3 12. bxc3 0-0 13. Ne5 Qc7 14. Qb3 c4 15. Qc2 b5 16. a4 Rfb8 17. Rfb1 bxa4 18. Qxa4 Ne4 19. Qc2 Rxb1+ 20. Rxb1 Rb8 21. f3 Rxb1+ 22. Qxb1 Nxc3 23. Qb2 f6 24. Ng4 Nd1 25. Qb5 Qd8 26. e4 h5 27. Nf2 Nc3 28. Qb2 Qb6 29. Qxc3 Qb1+ 30. Nd1 Qxd1+ 31. Kf2 Qb3 32. Qa5 Qb2+ 33. Kg3 Qxd4 34. Qxd5+ Qxd5 35. exd5 c3 36. d6 Kf7 0-1

[Event "Perenyi Memorial"]
[Site "Budapest"]
[Date "2016.01.14"]
[Round "8"]
[White "Gumanny, Evgeny"]
[Black "Torok, Tamas Titusz"]
[Result "1-0"]
[WhiteElo "2139"]
[BlackElo "2129"]
[PlyCount "75"]
[EventDate "2016.01.06"]
[EventType "swiss"]
[EventRounds "9"]
[EventCountry "HUN"]
[SourceTitle "CBM 170 Extra"]
[Source "ChessBase"]
[SourceDate "2016.02.25"]
[SourceVersion "1"]
[SourceVersionDate "2016.02.25"]
[SourceQuality "1"]

1. d4 Nf6 2. c4 g6 3. Nc3 Bg7 4. e4 d6 5. Nf3 0-0 6. Be2 Nbd7 7. 0-0 e5 8. d5 Nc5 9. Qc2 a5 10. Bg5 h6 11. Be3 b6 12. Nd2 Ng4 13. Bxg4 Bxg4 14. a3 Na6 15. Rab1 Bd7 16. b4 f5 17. exf5 Bxf5 18. Nde4 axb4 19. axb4 Nb8 20. f3 Nd7 21. Qd2 Kh7 22. Rfd1 Qe7 23. Rbc1 Bxe4 24. Nxe4 Nf6 25. Ng3 e4 26. Re1 exf3 27. Bxh6 Qf7 28. Bxg7 Kxg7 29. gxf3 Nd7 30. Rf1 Kg8 31. f4 Qg7 32. Ne4 Qh6 33. Ng5 Nf6 34. Rc3 Qh4 35. Qg2 Qh6 36. Ne6 Rfc8 37. f5 Nh5 38. fxg6 1-0

[Event "Perenyi Memorial"]
[Site "Budapest"]
[Date "2016.01.12"]
[Round "6"]
[White "Gumanny, Evgeny"]
[Black "Ongut, Tamas Gunes"]
[Result "1-0"]
[WhiteElo "2139"]
[BlackElo "1904"]
[PlyCount "95"]
[EventDate "2016.01.06"]
[EventType "swiss"]
[EventRounds "9"]
[EventCountry "HUN"]
[SourceTitle "CBM 170 Extra"]
[Source "ChessBase"]
[SourceDate "2016.02.25"]
[SourceVersion "1"]
[SourceVersionDate "2016.02.25"]
[SourceQuality "1"]

1. d4 Nf6 2. c4 g6 3. Nc3 Bg7 4. e4 d6 5. Nf3 0-0 6. Be2 e5 7. d5 Nbd7 8. Bg5 h6 9. Bh4 g5 10. Bg3 Nh5 11. 0-0 Nf4 12. Nd2 a5 13. Bg4 Nc5 14. b3 Bd7 15. h3 Qc8 16. a3 Ncd3 17. Rb1 Bxg4 18. hxg4 Qd7 19. Qf3 Nc5 20. Bh2 Rfe8 21. g3 Ng6 22. Rfe1 Qe7 23. b4 Nd7 24. Nd1 Nf6 25. Ne3 axb4 26. axb4 b6 27. Rec1 Qd7 28. c5 bxc5 29. bxc5 Reb8 30. c6 Qd8 31. Qe2 Ne8 32. Rb7 Ne7 33. Rcb1 Rc8 34. Ndc4 Bf8 35. Kg2 f6 36. Bg1 Ng7 37. Nf5 Nexf5 38. gxf5 h5 39. f4 Be7 40. Be3 gxf4 41. gxf4 Qe8 42. fxe5 fxe5 43. Kh1 Qf7 44. Rg1 Kh7 45. Rg6 Ra1+ 46. Kh2 Rca8 47. Rxc7 R8a2 48. Nd2 1-0

[Event "Budapest Sarkany IM 5th"]
[Site "Budapest"]
[Date "2014.08.20"]
[Round "5"]
[White "Juhasz, Armin"]
[Black "Gumanny, Evgeny"]
[Result "1/2-1/2"]
[WhiteElo "2254"]
[BlackElo "2166"]
[PlyCount "86"]
[EventDate "2014.08.16"]
[EventType "tourn"]
[EventRounds "9"]
[EventCountry "HUN"]
[EventCategory "2"]
[SourceTitle "CBM 161 Extra"]
[Source "ChessBase"]
[SourceDate "2014.08.29"]
[SourceVersion "1"]
[SourceVersionDate "2014.08.29"]
[SourceQuality "1"]

1. d4 Nf6 2. Nf3 e6 3. e3 b6 4. c4 Bb4+ 5. Nc3 Ne4 6. Qc2 Bxc3+ 7. bxc3 Bb7 8. Bd3 f5 9. 0-0 d6 10. Ne1 0-0 11. f3 Nf6 12. e4 fxe4 13. fxe4 e5 14. Nf3 Nbd7 15. Bg5 Qe7 16. Rae1 Qe6 17. Qe2 Kh8 18. Nd2 h6 19. Bh4 g5 20. Bg3 Nh7 21. Rf5 Rf6 22. Ref1 exd4 23. cxd4 Rxf5 24. Rxf5 Rf8 25. Rxf8+ Nhxf8 26. h4 Kg7 27. hxg5 hxg5 28. Nf3 Qg4 29. Kf2 Ng6 30. Nh2 Qe6 31. Nf3 g4 32. Nh4 Nxh4 33. Bxh4 Nf6 34. e5 dxe5 35. d5 Qe7 36. Qe3 Ne4+ 37. Qxe4 Qxh4+ 38. Kg1 Qh5 39. Be2 Bc8 40. Qe3 Qf5 41. Qa3 Qg5 42. Kf2 Qf4+ 43. Kg1 Qg5 1/2-1/2

[Event "Budapest Sarkany IM 5th"]
[Site "Budapest"]
[Date "2014.08.18"]
[Round "3"]
[White "Jovanovic, Dusan D"]
[Black "Gumanny, Evgeny"]
[Result "1-0"]
[WhiteElo "2412"]
[BlackElo "2166"]
[PlyCount "99"]
[EventDate "2014.08.16"]
[EventType "tourn"]
[EventRounds "9"]
[EventCountry "HUN"]
[EventCategory "2"]
[SourceTitle "CBM 161 Extra"]
[Source "ChessBase"]
[SourceDate "2014.08.29"]
[SourceVersion "1"]
[SourceVersionDate "2014.08.29"]
[SourceQuality "1"]

1. Nf3 c5 2. b3 e6 3. Bb2 Nf6 4. e3 b6 5. Be2 Be7 6. 0-0 0-0 7. d3 Bb7 8. Nbd2 Nc6 9. Re1 d5 10. c4 dxc4 11. Nxc4 Rc8 12. a3 b5 13. Ncd2 a6 14. Qc2 Qd5 15. Bf1 Nd7 16. Rad1 Rfd8 17. Qb1 Nde5 18. Nxe5 Nxe5 19. Bxe5 Qxe5 20. Rc1 Rd7 21. a4 Rcd8 22. axb5 axb5 23. Rc2 Qd5 24. Rec1 f5 25. Re1 Bd6 26. Nf3 Bb8 27. b4 cxb4 28. Qxb4 Bd6 29. Qb2 b4 30. d4 Qe4 31. Qb3 Bd5 32. Bc4 Bxc4 33. Rxc4 h6 34. Rec1 Kh7 35. Nd2 Qh4 36. g3 Qf6 37. Rc6 e5 38. d5 Qf7 39. e4 Ra8 40. Nc4 Qe7 41. exf5 e4 42. Qb1 Bc5 43. f6 gxf6 44. d6 Bxf2+ 45. Kxf2 Qe6 46. Rc7 Rxc7 47. dxc7 Qf5+ 48. Kg1 Qc5+ 49. Kh1 f5 50. Nd6 1-0

[Event "Budapest FS06 IM"]
[Site "Budapest"]
[Date "2014.06.14"]
[Round "7"]
[White "Torma, Robert"]
[Black "Gumanny, Evgeny"]
[Result "1/2-1/2"]
[WhiteElo "2404"]
[BlackElo "2137"]
[PlyCount "196"]
[EventDate "2014.06.07"]
[EventType "tourn"]
[EventRounds "10"]
[EventCountry "HUN"]
[EventCategory "2"]
[SourceTitle "CBM 160 Extra"]
[Source "ChessBase"]
[SourceDate "2014.07.01"]
[SourceVersion "1"]
[SourceVersionDate "2014.07.01"]
[SourceQuality "1"]

1. e4 c5 2. c3 d5 3. exd5 Qxd5 4. d4 Nf6 5. Nf3 Bg4 6. Be2 cxd4 7. cxd4 e6 8. Nc3 Qd6 9. h3 Bxf3 10. Bxf3 Nc6 11. 0-0 Be7 12. Qa4 0-0 13. Rd1 Rfd8 14. Be3 a6 15. a3 b5 16. Qc2 Rac8 17. b4 Bf8 18. Qb3 h6 19. Rac1 Ne7 20. a4 Ned5 21. axb5 Rxc3 22. Rxc3 Nxc3 23. Qxc3 axb5 24. Be2 Qxb4 25. Qxb4 Bxb4 26. Bxb5 Nd5 27. Bc4 Rd7 28. Rb1 Be7 29. Rb8+ Kh7 30. Kf1 Bf6 31. Ke2 Ne7 32. Bb5 Rc7 33. Rf8 Nf5 34. Bd3 g6 35. Bxf5 gxf5 36. Ra8 Rd7 37. Kd3 Kg6 38. f4 h5 39. Ra2 Rb7 40. Rd2 Rd7 41. Rc2 Bg7 42. Rc5 Rb7 43. Bd2 Rb1 44. Bc1 Rb3+ 45. Rc3 Rb4 46. Be3 Rb2 47. Rc2 Rb1 48. Ke2 Rb3 49. Rd2 Rb5 50. Bf2 Bf8 51. Ra2 Rb3 52. Be3 Ba3 53. Rc2 Kf6 54. d5 exd5 55. Bd4+ Ke7 56. Rc7+ Ke6 57. Rc6+ Ke7 58. Rh6 Bd6 59. Rxh5 Ke6 60. Rh6+ Ke7 61. Bf6+ Kd7 62. Be5 Bxe5 63. fxe5 Ke7 64. Rf6 d4 65. Rxf5 Re3+ 66. Kf2 Re4 67. Kf3 Re1 68. Kf2 Ra1 69. Rf4 d3 70. Rd4 Rd1 71. Ke3 Rg1 72. Kf3 Rd1 73. Rd6 d2 74. Ke2 Re1+ 75. Kxd2 Rxe5 76. Rd3 Kf8 77. Re3 Rg5 78. g3 Kg7 79. Ke2 Rh5 80. h4 Ra5 81. Kf3 Kg6 82. Kf4 Rf5+ 83. Kg4 Ra5 84. Re8 Ra4+ 85. Kh3 Kg7 86. Re3 Kg6 87. Rf3 Rb4 88. g4 Ra4 89. h5+ Kg7 90. Kh4 Rb4 91. Rf5 Rb6 92. Rc5 Re6 93. Kg3 Rb6 94. Kf4 Ra6 95. Kf5 Rf6+ 96. Kg5 Ra6 97. Rd5 Rb6 98. Kf5 Ra6 1/2-1/2

[Event "Budapest FS06 IM"]
[Site "Budapest"]
[Date "2014.06.11"]
[Round "5"]
[White "Szalanczy, Emil"]
[Black "Gumanny, Evgeny"]
[Result "0-1"]
[WhiteElo "2285"]
[BlackElo "2137"]
[PlyCount "122"]
[EventDate "2014.06.07"]
[EventType "tourn"]
[EventRounds "10"]
[EventCountry "HUN"]
[EventCategory "2"]
[SourceTitle "CBM 160 Extra"]
[Source "ChessBase"]
[SourceDate "2014.07.01"]
[SourceVersion "1"]
[SourceVersionDate "2014.07.01"]
[SourceQuality "1"]

1. e4 c5 2. Nf3 d6 3. d4 cxd4 4. Nxd4 Nf6 5. Nc3 a6 6. Be3 e5 7. Nb3 Be7 8. f3 Be6 9. Qd2 Nbd7 10. g4 Nb6 11. g5 Nfd7 12. 0-0-0 Qc7 13. Kb1 Nc4 14. Bxc4 Qxc4 15. Nd5 Bxd5 16. Qxd5 Qxd5 17. Rxd5 0-0 18. Na5 f6 19. g6 f5 20. gxh7+ Kxh7 21. Rd3 fxe4 22. fxe4 Nf6 23. Bg5 Rab8 24. Bxf6 Rxf6 25. a3 Rf2 26. Rh3+ Kg8 27. Re1 Rc8 28. c3 b6 29. Nb3 Rcf8 30. Nc1 Bg5 31. Nd3 Rd2 32. Ka2 Bf4 33. Kb3 Bxh2 34. Kc4 Rf6 35. a4 Bf4 36. b4 g5 37. Rg1 Kg7 38. b5 axb5+ 39. axb5 Rg6 40. Rg4 Kf7 41. Rf3 Re2 42. Kd5 Ke7 43. Nb4 Rb2 44. Kc6 Re2 45. Kxb6 Rxe4 46. Nd5+ Ke6 47. Rd3 Rc4 48. Rg2 Rc5 49. Nc7+ Kf5 50. Rxd6 Rxc3 51. Rxg6 Kxg6 52. Nd5 Rb3 53. Kc6 Kf5 54. b6 e4 55. b7 e3 56. Ra2 Ke4 57. Nb6 Kf3 58. Ra4 e2 59. Rxf4+ gxf4 60. b8Q e1Q 61. Qh8 Qc3+ 0-1

[Event "Budapest FS06 IM"]
[Site "Budapest"]
[Date "2014.06.07"]
[Round "1"]
[White "Lyell, Mark"]
[Black "Gumanny, Evgeny"]
[Result "1-0"]
[WhiteElo "2223"]
[BlackElo "2137"]
[PlyCount "67"]
[EventDate "2014.06.07"]
[EventType "tourn"]
[EventRounds "10"]
[EventCountry "HUN"]
[EventCategory "2"]
[SourceTitle "CBM 160 Extra"]
[Source "ChessBase"]
[SourceDate "2014.07.01"]
[SourceVersion "1"]
[SourceVersionDate "2014.07.01"]
[SourceQuality "1"]

1. e4 e6 2. d4 d5 3. Nc3 Nf6 4. e5 Nfd7 5. f4 c5 6. Nf3 Nc6 7. Be3 a6 8. Qd2 cxd4 9. Nxd4 Nxd4 10. Bxd4 Bc5 11. 0-0-0 Bxd4 12. Qxd4 Qb6 13. Qxb6 Nxb6 14. Bd3 Bd7 15. Rhf1 g6 16. Ne2 Rc8 17. Nd4 h5 18. b3 Ke7 19. Kb2 Rc5 20. a4 Rhc8 21. Ra1 Be8 22. a5 Nd7 23. b4 R5c7 24. Ra3 g5 25. g3 h4 26. Re1 hxg3 27. hxg3 gxf4 28. gxf4 Nb8 29. f5 Nc6 30. f6+ Kd8 31. Nxc6+ Rxc6 32. Rg1 Rc4 33. Bxc4 Rxc4 34. Rb3 1-0